Fokozott törődés a családokkal, az öregekkel a városi Vöröskereszt 113 alapszervezete sokrétű munkát végez /
Elmentve itt :
| Szerző: | |
|---|---|
| Dokumentumtípus: | Cikk |
| Megjelent: |
1969-11-26
|
| Sorozat: | Délmagyarország
59 No. 274 |
| Kulcsszavak: | Vöröskereszt, Vöröskereszt Szeged 1969 |
| Online Access: | http://dmarchiv.bibl.u-szeged.hu/73248 |
| LEADER | 00596nab a2200157 i 4500 | ||
|---|---|---|---|
| 001 | delm73248 | ||
| 005 | 20180928082600.0 | ||
| 008 | 180928s1969 hu o 0|| hun d | ||
| 040 | |a SZTE Délmagyarország Archívum |b hun | ||
| 041 | |a hun | ||
| 100 | 2 | |a Pünköstiné Szőke Mária | |
| 245 | 1 | 0 | |a Fokozott törődés a családokkal, az öregekkel |h [elektronikus dokumentum] : |b a városi Vöröskereszt 113 alapszervezete sokrétű munkát végez / |c Pünköstiné Szőke Mária |
| 260 | |c 1969-11-26 | ||
| 300 | |a 3 | ||
| 490 | 0 | |a Délmagyarország |v 59 No. 274 | |
| 695 | |a Vöröskereszt, Vöröskereszt Szeged 1969 | ||